Quizzes
Events
Quiz Creation
Community
Videos
Private Events
Remove Ads
Sign In
Join for FREE
Feedback
Dark Mode
Quiz Categories
Sports
Geography
Music
Movies
Television
Just For Fun
Miscellaneous
History
Literature
Language
Science
Gaming
Entertainment
Religion
Holiday
For Kids
Quiz Lab
Recent
Popular Today
Quiz Kudos Today
Editor Picks
Curator Picks
Quizzes by...
Day
Popularity
Type
Ratings
Length
Year
Community
Subscriptions
Recent Discussions
Orange Saloon
Badges
Playlists
Quests
Create
Leaderboards
Showdown
Live 5
Trivia Bingo
Activity
Puzzle Library
Sporcle Events
Private Events
Virtual Trivia
Globe League
Become a Host
Pub Owners
SporcleCon
Opinionation
Our Games
Videos
Blog
Mobile Apps
Partnerships
Remove Ads and Go Orange
Feedback
Sports
Athletes
MLB
NBA
NHL
NFL
Soccer
Sports Teams
WWE
NCAA
Football
Premier League
Basketball
Baseball
Hockey
Golf
Tennis
Cricket
Rugby
Auto Racing
Olympics
World Cup
Sports
Athletes
MLB
NBA
NHL
NFL
Soccer
Sports Teams
WWE
NCAA
Football
Premier League
Basketball
Baseball
Hockey
Golf
Tennis
Cricket
Rugby
Auto Racing
Olympics
World Cup
Random Quiz
Search Sporcle
×
Quiz Lab
Quiz Lab
Sports
NBA
Type in answers that appear in a list
Type in answers that appear in a list
Classic
Best Score? Go Orange.
Largest College Basketball Arenas Stats
Can you name the colleges with the largest basketball arenas (excluding those that share with an NBA team)?
By
ClubTrillion
10m
43 Questions
1,251 Plays
1,251 Plays
1,251 Plays
Comments
Comments
Give Quiz Kudos
Give Quiz Kudos
-
- Ratings
hide this ad
Replay
Link that replays current quiz
Next Quiz
Link to next quiz in quiz playlist
You Got
0%
They Got
Avg Score
58%
Avg Friend Score
Upgrade to see
Score Distribution
Jump to the score distribution portion of the page
Score
0/43
Timer
10:00
0
Plays Today
Capacity
School
% Correct
21,750
North Carolina
90.9%
23,500
Kentucky
86.5%
13,751
Michigan
83.9%
33,000
Syracuse
82.7%
16,331
Texas
81.5%
16,300
Kansas
79.2%
19,500
Ohio State
76.9%
17,257
Indiana
76.7%
16,161
USC
73.5%
14,992
Michigan State
73.5%
14,545
Arizona
71.4%
16,450
Illinois
70.4%
24,535
Tennessee
70.1%
17,142
Wisconsin
69.6%
14,236
LSU
66.7%
15,500
Iowa
65.5%
15,043
Alabama
65.5%
14,625
Minnesota
64%
18,865
Louisville
63.9%
16,294
Connecticut
61%
14,123
Purdue
60.7%
14,593
Virginia
60.3%
Capacity
School
% Correct
17,950
Maryland
59.9%
19,722
North Carolina State
59.8%
19,200
Arkansas
59.5%
15,261
Penn State
59%
15,050
Texas Tech
57.6%
14,198
Arizona State
55.5%
17,600
South Carolina
55%
14,665
Wake Forest
52.8%
15,000
Utah
51.1%
18,500
UNLV
49.3%
22,700
BYU
49.1%
14,000
West Virginia
48.9%
14,092
Iowa State
47.2%
18,018
New Mexico
45.3%
14,168
Vanderbilt
43.2%
17,500
DePaul
29.7%
20,049
Seton Hall
27.9%
17,560
Creighton
26%
15,028
Wyoming
21%
13,610
Cleveland State
7.2%
15,500
Siena
6.7%
Quiz Playlist
Details
Report
Send in Message
Add To Playlist
Classic:
Type in answers that appear in a list
Quiz Source
Last Updated: Feb 16, 2017
Quiz Scoreboard
CHALLENGE
Sign Up to Join the Scoreboard
Show All
Scores
Hide
Comments
May contain spoilers
Recently Published
Presidents Visiting Landmarks
by Hejman
History
7m
An Introduction to Baseball
by treessimontrees
Sports
5m
Movies - When Are They Set?
by FPL_Elf
Movies
5m
More to Explore
Quiz From the Vault
Featured Blog Post
Where Did the Easter Bunny Come From?
hide this ad
You Might Also Like...
Tags
Basketball Quiz
College Quiz
NBA Quiz
arena
Capacity
Excluding
largest
school
share
team
Today's Top Quizzes in Sports
Browse Sports
hide this ad
Today's Top Quizzes in NBA
Browse NBA
Top Contributed Quizzes in Sports
1
Les meilleurs buteurs des matchs entre le PSG et l’OM
2
2022 World Cup Stars
3
FIFA Club World Cup Champions
4
Les entraîneurs de l'OM et du PSG au 21e siècle
5
Name the Premier League winners with different clubs
6
La finale Lions - Afrique du Sud 2021
7
England Test cricketers to play under Nasser Hussain
8
5-to-1: UK Sports Teams
9
Les joueurs passés par le LOSC et le RC Lens
10
Criteria MLB: Left Handed Sluggers
Explore More
Trending Topics
Anime
Crossword
Kpop
Harry Potter
Disney
Marvel
NBA
Puzzle
Song
WWE
The Office
Soccer
NFL
Country
Pokémon
hide this ad
More By:
ClubTrillion
Quiz
Plays
Rating
Category
Featured
Created
Largest College Basketball Arenas
1,251
4.80
Sports
Nov 6, 2009
Go to Creator's Profile
Score Distribution
Quiz Creator Spotlight
ClubTrillion
Follow
Send a Message
Quizzes Created
-
Created Quiz Play Count
-
More By This Creator
Popular Quizzes Today
1
Find the US States - No Outlines Minefield
2
Find the Countries of Europe - No Outlines Minefield
3
The Countries of the World
4
Find the US States
5
Popular People in 1961
6
US States
7
Risky Map Clicking: Biggest States A-Z
8
1-10 Letter E Words III
More Sports Quizzes
MLS Cup Winners
Quiz Lab
Trending Quizzes
Risky Map Clicking: Least Populous States A-Z
1-10 Letter G Words
1-10 Letter F Words
One Thing in Common: United Kingdom
Risky Map Clicking: Next State Alphabetically
Recently Updated
Leaping Animals
pecheneg
Reality TV Shows (A-Z)
bhenderson79
Rickey Henderson's Hall of Fame Teammates
pecheneg
Champions League XIs: Arsenal
pecheneg
Quick Pick: Celebrities in WWE's Hall of Fame
aduchscher
A-Z Keypad Blitz II
pecheneg
Multiple Oscar Actors
pecheneg
Mystery Phrase Blitz: Oscar 'Best Actors'
pecheneg
F. Scott Fitzgerald Novels
LTH
Pick 3 Villains
ddd62291
Trending Topics
NBA
Harry Potter
Anime
Kpop
Crossword
Marvel
Disney
Pokémon
The Office
Puzzle
Song
WWE
Soccer
NFL
Country
Your Account Isn't Verified!
In order to create a playlist on Sporcle, you need to verify the email address you used during registration. Go to your
Sporcle Settings
to finish the process.
Report this User
Report this user for behavior that violates our
Community Guidelines
.
Details:
Send Report
Go to the Sporcle.com Mobile Site →
Comments